Central Library OPAC University of Rajshahi
Normal view MARC view

Entry Topical Term

Number of records used in: 2

001 - CONTROL NUMBER

  • control field: 6201

003 - CONTROL NUMBER IDENTIFIER

  • control field: BD-RjUL

005 - DATE AND TIME OF LATEST TRANSACTION

  • control field: 20221207101921.0

008 - FIXED-LENGTH DATA ELEMENTS

  • fixed length control field: 221207|| aca||aabn | a|a d

040 ## - CATALOGING SOURCE

  • Original cataloging agency: BD-RjUL
  • Transcribing agency: BD-RjUL

150 ## - HEADING--TOPICAL TERM

  • Topical term or geographic name entry element: সাধারণ ক্লাব
  • Form subdivision: সাংস্কৃতিক সংস্থা
  • General subdivision: ১৯৭১-২০০০ খ্রীষ্টাব্দ
  • Geographic subdivision: ঢাকা বিভাগ

670 ## - SOURCE DATA FOUND

  • Source citation: Work cat.: (BD-RjUL)80915: হাসান, আবু ইমাম মাহমুদুল 6200, গাজীপুর জেলার সামাজিক ও সাংস্কৃতিক সংগঠন (১৯৭১-২০০০ খ্রীষ্টাব্দ ) /, ২০০৬